| 000 | 00999cam a2200229 4500 | ||
|---|---|---|---|
| 001 | ##L134959 | ||
| 008 | 060913n2006 000 0 eng u | ||
| 035 | _a(Sirsi) u134959 | ||
| 041 | 0 | _aeng | |
| 110 | 1 |
_aUnited Kingdom _kLaws, etc _95044 |
|
| 245 | 0 | 4 | _aThe Non-Domestic Rating (Small Business Rate Relief) (Amendment) (England) Order 2006 |
| 260 |
_aLondon _bTSO _c2006 |
||
| 490 | 0 |
_aSI _v2006: 2313 |
|
| 520 | _aAmends the Non-Domestic Rating (Small Business Rate Relief) (England) Order 2004 and comes into force on 1 October 2006. | ||
| 590 | _aIKA190906 | ||
| 650 | 2 | 4 | _aNON-DOMESTIC RATING (SMALL BUSINESS RATE RELIEF) (ENGLAND) ORDER 2004 |
| 650 | 2 | 4 | _aNON-DOMESTIC RATING (SMALL BUSINESS RATE RELIEF) (AMENDMENT) (ENGLAND) ORDER 2006 |
| 651 | 4 |
_aEngland _y886- |
|
| 690 | _aPROPERTY-COMMERCIAL PROPERTY-COMMERCIAL PROPERTY TAXATION-BUSINESS RATES | ||
| 856 | 4 | 0 |
_uhttps://www.opsi.gov.uk/si/si2006/20062313.htm _zView the Order free of charge at www.opsi.gov.uk... |
| 942 | _n0 | ||
| 999 |
_c105864 _d105864 |
||